| 000 | 00658nam a22001217a 4500 | ||
|---|---|---|---|
| 008 | 090802t xxu||||| |||| 00| 0 eng d | ||
| 082 |
_a185 _bع ب د |
||
| 245 |
_aالفلسفة اليونانية مدارسها وأعلامها. : _b/الجزء الثانى. ارسطو والمدارس المتأخرة _cمحمد فتحى عبد الله، جيهان السيد شريف |
||
| 300 |
_a314 ؛ ص _c22 سم |
||
| 650 |
_98307 _aفلسفة أرسطو |
||
| 942 |
_2ddc _cBB |
||
| 999 |
_c12504 _d12504 |
||